| 000 | 01362nam a2200253Ia 4500 | ||
|---|---|---|---|
| 003 | Ost | ||
| 005 | 20260507075715.0 | ||
| 008 | 260507s9999||||xx |||||||||||||| ||und|| | ||
| 020 | _a9789931748984 | ||
| 040 | _cfsecg | ||
| 041 | _aara | ||
| 082 | _a350.75 | ||
| 100 |
_aسي حمدي، عبد المؤمن _eمؤلف |
||
| 245 | 0 |
_aالصراع التنظيمي والأداء الوظيفي في المنظمات المعاصرة / _c عبد المؤمن سي حمدي |
|
| 260 |
_aالجزائر: _bدار الباحث للطباعة والنشر والتوزيع, |
||
| 300 |
_a147 صفحة؛ _bإيضاحات ؛ _c24 سم |
||
| 504 | _aمراجع ص.130 | ||
| 520 | _aالصراع التنظيمي، والأداء الوظيفي، مع أهميته، ومحدداته ووأنواعه، وعلاقته بالأداء الوظيفيمع آثاره في المنظمة، وأساليب معالجتهودورها في تفعيل الأداء الوظيفيفي المنظمة وكذالك استراتيجيات الصراع التنظيميوانعكاساتها على الأداتء الوظيفيودورها في تفعيله. | ||
| 653 | _aالأداء الوظيفي | ||
| 653 | _aالرقابة الادارية | ||
| 653 | _aالصراع التنظيمي | ||
| 700 |
_aقريقة، أسماء _eمؤلف ثانوي |
||
| 942 | _cكتاب | ||
| 999 |
_c45916 _d45916 |
||